Song Title to Artist Click Quiz - New Wave - Statistics

General Stats
  • This quiz has been taken 254 times
  • The average score is 12 of 20
Answer Stats
Hint Answer % Correct
Everybody Wants to Rule the World Tears for Fears
93%
Call Me Blondie
88%
Hungry Like the Wolf Duran Duran
85%
Don't You (Forget About Me) Simple Minds
78%
Blue Monday New Order
74%
Rock Lobster The B-52's
73%
The Safety Dance Men Without Hats
71%
I Ran (I Ran So Far Away) A Flock of Seagulls
70%
Whip It! DEVO
69%
Burning Down the House Talking Heads
69%
Just Like Heaven The Cure
63%
Just What I Needed The Cars
50%
It's My Life Talk Talk
49%
Making Plans for Nigel XTC
44%
Dead Man's Party Oingo Boingo
42%
Pump It Up Elvis Costello & the Attractions
40%
Love My Way The Psychedelic Furs
40%
Dancing with Tears in My Eyes Ultravox
40%
Always Something There to Remind Me Naked Eyes
36%
This Is the Day The The
29%
No matching quizzes found
Score Distribution
Percent of People with Each Score
Percentile by Number Answered
Your Score History
You have not taken this quiz